| 000 | 00353 a2200157 4500 | ||
|---|---|---|---|
| 001 | 179619 | ||
| 020 | _a | ||
| 040 | _cMagnum | ||
| 100 | _aMaviael, Jose | ||
| 240 | 1 | 0 |
_aO festival dos vaga-lumes _lpor |
| 245 | 1 | 0 | _aO festival dos vaga-lumes |
| 362 | 0 | _a1899 | |
| 440 | 1 | _aMelhoramentos | |
| 697 | _aMAGNITO: IJ/AVENTURA, CRIANCAS | ||
| 942 | _cBK | ||
| 999 |
_c179619 _d179619 |
||